Trend špeciál poradenstvo

Podnikové poradenstvo. Audit. Právne poradenstvo. Verejné obstarávanie. Ľudské zdroje.

Salvato in:
Dettagli Bibliografici
Natura: Capitolo di libro
Lingua:slovacco
Soggetti:
Tags: Aggiungi Tag
Nessun Tag, puoi essere il primo ad aggiungerne!!

MARC

LEADER 00000naa$a2200000$$$4500
001 0043095
005 20231009083803.1
041 0 |a slo 
044 |a SK 
245 1 0 |a Trend špeciál  |b poradenstvo 
520 |a Podnikové poradenstvo. Audit. Právne poradenstvo. Verejné obstarávanie. Ľudské zdroje. 
610 2 0 |a poradenstvo 
610 2 0 |a podnik 
610 2 0 |a právo 
610 2 0 |a audit 
610 2 0 |a obstarávanie verejné 
610 2 0 |a zdroje ľudské